General index to the Reports of progress, 1863 to 1884 /

Bibliographic Details
Corporate Author: Geological Survey of Canada
Other Authors: Dowling, D. B. (Donaldson Bogart), 1858-1925
Format: Book
Language:English
Subjects:

MARC

Tag First Indicator Second Indicator Subfields
LEADER 00000cam a2200000 4500
001 in00000044028
005 20151007065101.0
008 760311s1900 onc b 00000 eng u
010 |a  04006398  
035 |a (OCoLC)02044677 
035 |9 AAE1242AM 
040 |c OUN  |d TXA  |d UtOrBLW 
049 |a TXAM  |c [110928] 
050 0 |a QE185  |b .A12 
092 |a 557.1  |b C212a 1863-84, index 
110 2 |a Geological Survey of Canada. 
245 1 0 |a General index to the Reports of progress, 1863 to 1884 /  |c Compiled by D. B. Dowling. 
264 3 |a Ottawa :  |b Printed by S. E. Dawson,  |c 1900. 
300 |a  475 pages ;  |c 25 cm. 
336 |a text  |b txt  |2 rdacontent 
337 |a unmediated  |b n  |2 rdamedia 
338 |a volume  |b nc  |2 rdacarrier 
500 |a Lists of the publications of the survey have been published as follows: in 1865 in "Report of progress from its commencement in 1863", as Appendix I of the atlas; in 1884, with additions in 1886; and in 1889. 
650 0 |a Geology  |z Canada  |v Bibliography. 
700 1 |a Dowling, D. B.  |q (Donaldson Bogart),  |d 1858-1925. 
999 |a MARS 
999 f f |s 53b12b08-1c89-38f2-b07d-35da3f047494  |i 974399b9-2791-39e4-aa19-246d04313501  |t 0 
952 f f |p ric  |a Texas A&M University  |b Rellis Campus  |c Joint Library Facility  |d Remote Storage  |t 0  |e QE185 .A12  |h Library of Congress classification  |i unmediated -- volume  |m A14800961863 
998 f f |a QE185 .A12  |t 0  |l Remote Storage